[Event "Charlotte Fall-IM 2019"]
[Site "Charlotte"]
[Date "2019.12.01"]
[Round "8.5"]
[White "Jacobson, Aaron"]
[Black "Martin Del Campo C., Roberto"]
[Result "1-0"]
[WhiteElo "2301"]
[BlackElo "2314"]
[Annotator "TA"]
[PlyCount "153"]
[EventDate "2019.11.28"]
[EventType "tourn"]
[EventCountry "USA"]
[SourceTitle "playchess.com"]
[Source "ChessBase"]
[SourceQuality "1"]

{[%evp 16,153,86,58,82,37,50,22,45,30,35,31,34,22,33,20,32,20,20,31,30,17,11,4,62,57,79,25,42,18,16,27,25,-19,22,0,27,23,60,0,87,25,43,-6,-8,-8,0,0,0,-8,-8,-11,-14,-10,0,-28,-1,-65,-49,-83,-9,-12,16,0,0,0,0,0,0,-13,8,8,18,-14,29,0,91,88,93,8,8,8,8,8,8,8,18,18,50,0,2,0,50,50,63,56,99,99,99,99,99,99,99,0,99,0,99,99,99,99,899,706,916,908,885,0,99,0,825,800,800,104,717,0,0,0,694,617,1120,880,29972,29974,29974,29975,29975,29976,29976,29977,29976,29977]} 1. d4 c5 2. d5 e5 3. e4 d6 4. Bb5+ Nd7 5. a4 Be7 6. Nf3 Ngf6 7. Nc3 O-O 8. O-O Ne8 9. Be2 Nc7 $146 {A44: Semi-Benoni} ({Predecessor:} 9... g6 10. Bh6 Ng7 11. Nd2 f5 12. a5 a6 13. Nc4 f4 14. Bg4 Nf6 15. Bxc8 Rxc8 16. f3 Rf7 17. Bxg7 Kxg7 {1-0 (18) Campora,D (2535)-Zhao,Z (2487) Seville 2008}) 10. g3 b6 11. Kh1 Nf6 {The position is equal.} 12. Nd2 Nfe8 13. Nc4 f5 14. exf5 Bxf5 15. Bd3 Qd7 16. f4 Bxd3 17. Qxd3 Qh3 18. Be3 exf4 $1 19. Rxf4 Rxf4 (19... Na6 $11) 20. Bxf4 $14 g5 21. Be3 (21. Bd2 $16) 21... Nf6 $11 22. Re1 Rf8 {[#] Hoping for ...Ng4.} 23. Bg1 Rf7 24. Qd2 {Black must now prevent Rxe7!} h6 25. Ne3 Nce8 26. Qg2 Qd7 27. Rf1 (27. g4 $14) 27... Ng7 (27... Ng4 $11) 28. Qf3 (28. g4 $16) 28... Rf8 29. Nf5 (29. Qd1 {keeps more tension.} h5 30. Qd3 Ng4 31. Rxf8+ Kxf8 32. Nxg4 Qxg4 33. Kg2) 29... Nxf5 30. Qxf5 Qxf5 31. Rxf5 a6 32. Kg2 Kg7 33. Rf1 Rb8 34. Rb1 Rc8 35. Kf3 Kg6 36. Ke2 (36. Re1 $11 g4+ 37. Ke2) 36... Bf8 37. Kd3 Bg7 (37... Re8 $17) 38. Re1 $1 {[%cal Re1e6] With the idea Re6.} Kf7 39. h3 Rd8 40. g4 h5 41. gxh5 Nxh5 42. Be3 Bxc3 43. bxc3 {[%mdl 4096] Endgame KRB-KRN} Re8 44. Rg1 Nf6 45. c4 ({Much weaker is} 45. Rxg5 c4+ 46. Ke2 Ne4 $15) (45. Bxg5 $5 {[%cal Rg1f1]} Nxd5 46. Rf1+ Kg6 47. h4 $11) 45... Ne4 (45... Rh8 $11 {remains equal.}) 46. Rg4 $16 Nc3 47. Bxc5 ({Much worse is} 47. Rxg5 $6 Nxa4 48. Rg4 b5 $11) ({Better is} 47. Bxg5 $16 Nxa4 48. Rf4+ Kg7 49. Rf6) 47... bxc5 $11 48. Kxc3 $16 {KR-KR} Re3+ 49. Kb2 Rxh3 50. Rxg5 Rh4 51. Kb3 Rh3+ 52. Kb2 Rh4 53. Kb3 Rh3+ 54. c3 Rh4 55. Rg1 Re4 56. Rh1 Kg7 57. a5 Re2 58. Rf1 Re4 59. Rh1 Re2 $1 60. Rf1 Re4 $1 61. Rf2 Re1 62. Kc2 Ra1 $2 {[%mdl 8192]} (62... Rg1 $16) 63. Kd3 $18 Rd1+ 64. Ke4 Re1+ {[#]} 65. Kd3 $2 (65. Kf5 $1 $18 Re5+ 66. Kf4) 65... Rd1+ $1 $16 66. Ke4 $2 {[%mdl 8192]} (66. Ke2 $16 Rh1 67. Kd3) 66... Re1+ $1 $18 67. Kf5 Re5+ 68. Kf4 {And now Rb2 would win.} Re1 $2 {[%mdl 8192]} (68... Kf6 $16) 69. Kf5 $2 (69. Rh2 $18 {Threatens to win with Rb2.} Rf1+ 70. Kg5) 69... Re5+ $1 $11 70. Kf4 $2 {[%mdl 8192]} (70. Kg4 $11) 70... Re1 $1 $18 71. Rb2 Ra1 72. Kf5 Rxa5 73. Ke6 {White mates.} Ra4 74. Kxd6 Rxc4 75. Kc7 Rxc3 76. d6 Kf6 77. Re2 {Accuracy: White = 44%, Black = 46%.} 1-0

[Event "Charlotte Fall-IM 2019"]
[Site "Charlotte"]
[Date "2019.12.02"]
[Round "9.2"]
[White "Arribas Lopez, Angel"]
[Black "Jacobson, Aaron"]
[Result "1/2-1/2"]
[WhiteElo "2436"]
[BlackElo "2301"]
[Annotator "TA"]
[PlyCount "79"]
[EventDate "2019.11.28"]
[EventType "tourn"]
[EventCountry "USA"]
[SourceTitle "playchess.com"]
[Source "ChessBase"]
[SourceQuality "1"]

{[%evp 10,79,-14,-6,-6,-8,32,32,32,24,17,0,0,17,25,22,24,22,16,34,36,-34,0,-65,6,-43,-43,-64,-74,-80,-81,-75,-35,-35,-23,-14,0,0,0,0,0,0,0,0,15,0,38,45,16,12,14,8,25,12,16,9,22,0,0,0,0,0,52,55,52,47,37,0,37,0,27,0]} 1. e4 e6 2. d4 d5 3. Bd3 dxe4 4. Bxe4 Nf6 5. Bf3 c5 6. Ne2 Nc6 {[%cal Rc5d4] C01: French: Exchange Variation} 7. Be3 Nd5 (7... cxd4 8. Nxd4 Ne5 9. Nc3 Bb4 10. Ndb5 Bd7 11. a3 Bxc3+ 12. Nxc3 Nxf3+ 13. Qxf3 Qc7 14. Bf4 Qc6 {½-½ (14) Alekseev,E (2635)-Stupak,K (2561) St Petersburg 2019}) 8. Bxd5 $1 Qxd5 {White is slightly better.} 9. Nbc3 {[%cal Bb1c3,Bc3b5,Bb5c7][%mdl 32]} Qxg2 10. Rg1 Qxh2 {...cxd4 is the strong threat.} 11. Bf4 $1 {[%cal Rf4h2]} Qh3 12. Nb5 f6 $1 13. Nc7+ Kf7 14. Nxa8 {And now d5 would win.} cxd4 15. Bg3 $146 (15. Nc7 $14) 15... h5 16. Qd3 (16. Nxd4 $11 Bb4+ 17. c3) 16... e5 (16... h4 $1 $15 17. O-O-O hxg3 18. Rxg3 Qf5 19. Qxf5 exf5 20. Nxd4 Nxd4 21. Rxd4 Bc5) 17. Qb3+ Qe6 18. Nc7 Qxb3 19. axb3 (19. cxb3 $2 {too greedy.} Bb4+ 20. Kf1 Bh3+ 21. Rg2 h4 $19) 19... h4 20. Bh2 g5 21. c3 Bf5 22. b4 Nxb4 23. cxb4 Bxb4+ 24. Kd1 $1 {Strongly threatening Nd5.} Rc8 25. Rc1 d3 26. Nd5 dxe2+ 27. Kxe2 Rxc1 (27... Bc5 {with more complications.} 28. Rgd1 Bd4 29. Ne3 Rxc1 30. Rxc1 Be4) 28. Rxc1 Bd6 29. f3 Bd7 30. Ne3 Ke6 31. Nc4 Bb5 32. b3 a6 33. Rd1 Be7 34. Bg1 Bc6 35. Bb6 Bd5 (35... h3 $11) 36. Kf2 $14 Bc6 37. Re1 Bb4 38. Rd1 Be7 39. Re1 Bb4 40. Rd1 {Accuracy: White = 60%, Black = 48%.} 1/2-1/2

[Event "Charlotte Fall-IM 2019"]
[Site "Charlotte"]
[Date "2019.12.01"]
[Round "9.4"]
[White "Drozdowski, Kacper"]
[Black "Shen, Christopher"]
[Result "1/2-1/2"]
[WhiteElo "2467"]
[BlackElo "2306"]
[Annotator "TA"]
[PlyCount "41"]
[EventDate "2019.11.28"]
[EventType "tourn"]
[EventCountry "USA"]
[SourceTitle "playchess.com"]
[Source "ChessBase"]
[SourceQuality "1"]

{[%evp 9,41,12,8,18,19,27,21,4,26,1,19,-3,0,-14,20,0,0,0,0,0,8,10,14,-11,0,0,14,0,0,0,0,0,14,0]} 1. e4 e6 2. d4 d5 3. Nd2 c5 4. exd5 Qxd5 5. dxc5 Qxc5 6. Ngf3 {C07: French Tarrasch: 3...c5, 4 Ngf3 and 4 exd5 Qxd5} Nf6 7. Bd3 Qc7 8. O-O Nbd7 {[%cal Bb8d7,Bd7c5,Bc5e4][%mdl 32]} 9. b3 (9. a4 Be7 10. a5 O-O 11. c3 b6 12. axb6 Nxb6 13. Nb3 {0-1 (54) Demchenko,A (2679)-Vitiugov,N (2719) St Petersburg 2018}) 9... a6 {The position is equal.} 10. Bb2 Be7 11. a4 $146 ({Predecessor:} 11. c4 b6 12. a3 Bb7 13. b4 {0-1 (36) Vasquez Schroder,R (2505)-Bayo Milagro,A (2279) Utebo 2018}) 11... Nc5 12. Bc4 Bd7 13. Ne5 O-O 14. Qe2 Bc6 15. Nxc6 Qxc6 16. Nf3 Nce4 17. Ne5 Qc7 18. Bd3 Nc5 19. Bc4 Nce4 20. Bd3 Nc5 21. Bc4 {Accuracy: White = 50%, Black = 55%.} 1/2-1/2

[Event "Charlotte Fall-IM 2019"]
[Site "Charlotte"]
[Date "2019.12.01"]
[Round "9.5"]
[White "Martin Del Campo C., Roberto"]
[Black "Gauri, Shankar"]
[Result "1/2-1/2"]
[WhiteElo "2314"]
[BlackElo "2340"]
[Annotator "ChessBase"]
[PlyCount "20"]
[EventDate "2019.11.28"]
[EventType "tourn"]
[EventCountry "USA"]
[SourceTitle "playchess.com"]
[Source "ChessBase"]
[SourceQuality "1"]
[TimeControl "5400+30"]

1. e4 {[%emt 1:30:30]} c5 {[%emt 1:30:30]} 2. Nf3 {[%emt 0:00:30]} d6 {[%emt 0:00:30]} 3. d4 {[%emt 0:00:30]} cxd4 {[%emt 0:00:30]} 4. Nxd4 {[%emt 0:00:30]} Nf6 {[%emt 0:00:30]} 5. Nc3 {[%emt 0:00:30]} a6 {[%emt 0:00:30]} 6. f4 {[%emt 0:00:30]} e5 {[%emt 0:00:30]} 7. Nf3 {[%emt 0:00:30]} Qc7 {[%emt 0:00:30]} 8. Bd3 {[%emt 0:00:30]} Be7 {[%emt 0:00:30]} 9. O-O {[%emt 0:00:30]} O-O {[%emt 0:00:30]} 10. Kh1 {[%emt 0:00:30]} b5 {[%emt 0:00:30]} 1/2-1/2